MARC

LEADER 00000nam0a2200000 4500
001 191228
005 20231101224333.0
035 |a (RuTPU)RU\TPU\book\208494 
090 |a 191228 
100 |a 20110203d1946 km y0rusy50 ca 
101 0 |a rus 
102 |a RU 
105 |a y j 000zy 
200 1 |a Пособие по техническому черчению с основами начертательной геометрии  |f Л. С. Скрипов  |g Военная электротехническая Академия связи Красной Армии им. С. М. Буденного 
210 |a Ленинград  |c ВЭТКАС  |d 1946 
215 |a 101 с. 
316 |5 63413507: ШкА/639  |a На обложке дарственная надпись: "Томскому Политехническому Институту от автора. Л. Скрипов. 8/VIII 46" 
421 1 |0 (RuTPU)RU\TPU\book\208495  |t Атлас чертежей  |o альбом  |f Л. С. Скрипов  |g Военная электротехническая Академия связи Красной Армии им. С. М. Буденного  |c Л.  |n ВЭТКАС  |d 1946  |p 82 л.  |a Скрипов, Леонид Степанович 
606 1 |a Техническое черчение  |2 stltpush  |3 (RuTPU)RU\TPU\subj\60140  |9 77629 
610 1 |a начертательная геометрия 
610 1 |a ортогональные проекции 
610 1 |a аксонометрические проекции 
610 1 |a геометрические тела 
610 1 |a чертежи 
610 1 |a технические условия 
610 1 |a технические тела 
610 1 |a крепежные изделия 
610 1 |a эскизы 
610 1 |a сборочные чертежи 
610 1 |a детальные чертежи 
610 1 |a деталирование 
610 1 |a чтение 
610 1 |a учебные пособия 
610 1 |a труды учёных ТПУ 
610 1 |a дарственная надпись 
610 1 |a дары автора 
610 1 |a дары библиотеке 
610 1 |a коллекция ТПУ 
675 |a 744(075.8)  |v 3 
700 1 |a Скрипов  |b Л. С.  |c российский ученый в области черчения и начертательной геометрии  |c профессор Томского политехнического института  |f 1889-1973  |g Леонид Степанович  |2 stltpush  |3 (RuTPU)RU\TPU\pers\8902 
712 0 2 |a Военная электротехническая Академия связи Красной Армии им. С. М. Буденного  |2 stltpush  |3 (RuTPU)RU\TPU\col\16949 
801 1 |a RU  |b 63413507  |c 20110203 
801 2 |a RU  |b 63413507  |c 20211208  |g RCR 
942 |c BK